000 01823cam a22004697a 4500
001 000092818
003 CHAP
005 20220329142906.0
008 140105d2004 mx r 00110 spa d
010 _a89284
011 _a90256
035 _a100812
040 _cCHAP
090 _aTesis
100 0 0 _aGómez Jiménez, C. Graciela.
_949767
245 1 0 _aEfecto de niveles de radiación fotosintética sobre la producción de biomasa en árboles de nogal pecanero (Carya illinoinensis (Wangenh.) K. Koch) /
_c/por C. Graciela Gómez Jiménez.
260 _aBermejillo, Dgo. :
_bEl autor,
_c2004.
300 _a34 h. :
_bcuadros.
502 _aTesis (Ing. Agr. en Sistemas Agrícolas de Zonas Aridas) - - UACH. Unidad Regional Universitaria de Zonas Aridas
590 _aALEPH
_b10
_c20130110
_lUCH01
_h1502
590 _aBATCH-UPD
_b10
_c20130110
_lUCH01
_h0209
590 _aBATCH-UPD
_b10
_c20130110
_lUCH01
_h1540
590 _aBATCH-UPD
_b10
_c20130409
_lUCH01
_h2224
590 _aBATCH-UPD
_b10
_c20130410
_lUCH01
_h0942
590 _aBATCH-UPD
_b10
_c20130914
_lUCH01
_h0638
590 _aBATCH-UPD
_b10
_c20130914
_lUCH01
_h2151
590 _aBATCH-UPD
_b10
_c20140324
_lUCH01
_h1447
590 _aBATCH-UPD
_b10
_c20141002
_lUCH01
_h0824
590 _aCONVERSION
_b10
_c20130109
_lUCH01
_h1349
590 _aE792CSJ
_b10
_c20130627
_lUCH01
_h1054
650 1 4 _aBiomasa.
_912825
650 1 4 _aPecán
_xEfecto del medio ambiente.
_986489
650 1 4 _aRadiación
_xEfecto en plantas.
_993674
650 1 4 _aSombra
_xEfecto en plantas.
_9108539
856 _3Finding aid
_uhttp://10.13.5.2/tesis/100812.pdf
_zTeclea aquí
901 _aBK
905 _aLilia
942 _cCD
942 _n0
949 _aTesis
_bBC
_cTES
_d100812
_eTS1
_h43158
_i100812
_sb
949 _aTesis
_bBC
_cTES
_d33724000931960
_eTS2
_fc.2
_h43159
_i100812
_so
999 _c89284
_d89284